000 00293nam a22001337a 4500
008 170216b xxu||||| |||| 00| 0 eng d
020 _a9781416028857
041 _aeng
080 _23 ED
_a61
100 _a4
101 _aSHM
245 _aHUMAN BODY HEALTH ILLNES
_cHERLIHY
942 _2udc
_cBK
999 _c5629
_d5629